Premier League Golden Boot Winners (to 2014) Quiz Stats

 Plays Quiz not verified by Sporcle

Challenge
Share
Tweet
Embed
Score 0/27 Timer 04:00
0 Plays Today
Year Player % Correct
1995Alan Shearer
93.8%
1996Alan Shearer
93.8%
1997Alan Shearer
93.8%
2002Thierry Henry
92.4%
2004Thierry Henry
92.3%
2005Thierry Henry
92.3%
2006Thierry Henry
92.3%
2007Didier Drogba
86.9%
2010Didier Drogba
86.9%
2008Cristiano Ronaldo
83.1%
1994Andrew Cole
82.9%
2012Robin van Persie
82.8%
2013Robin van Persie
82.8%
2003Ruud van Nistelrooy
79.4%
Year Player % Correct
2014Luis Suarez
79.1%
1998 Michael Owen
77.2%
1999Michael Owen
77.2%
1999Dwight Yorke
74.8%
1993Teddy Sheringham
70.8%
2011Dimitar Berbatov
58.9%
2000Kevin Phillips
56.9%
2011Carlos Tevez
54.2%
2009Nicolas Anelka
52.1%
1999Jimmy Floyd Hasselbaink
45.9%
2001Jimmy Floyd Hasselbaink
45.9%
1998Chris Sutton
41.5%
1998Dion Dublin
30.9%

You're not logged in!

Compare scores with friends on all Sporcle quizzes.
Join for Free
OR
Log In

You Might Also Like...

Show Comments

Extras

Top Quizzes Today


Score Distribution

Your Account Isn't Verified!

In order to create a playlist on Sporcle, you need to verify the email address you used during registration. Go to your Sporcle Settings to finish the process.

Report this User

Report this user for behavior that violates our Community Guidelines.

Details: